000 00668nam a2200205 a 4500
005 20240802063713.0
008 120613s2003 mx r 000 0 spa d
020 _a9706414711
035 _aUPN01000185076
049 _aI
050 4 _aPZ74.7
_bR4.2
100 1 _aRendón Ortiz, Gilberto,
_d1946-
_927929
245 1 0 _aBrim de Brum, tornillo flojo /
_cGilberto Rendón Ortiz ; il. de Sara Elena Palacios G.
260 _aMéxico :
_bProgreso,
_cc2003.
300 _a76 p. :
_bil. col.
440 0 _aRehilete.
_pPara los que aprendieron a leer
650 4 _aLiteratura infantil mexicana
_910209
650 4 _aLibros y lectura para niños
_92290
905 _aInfantil
999 _c157179
_d157179